000
00322nam a2200133Ia 4500
008
240624s9999 xx 000 0 und d
041
_a
eng
082
_a
338.1 CHA
100
_a
CHANG HA JOON
245
_a
PUBLIC POLICY AND AGRICULTURAL DEVELOPME
260
_c
2011
_b
Routledge
300
_a
320 : p.
365
_c
GBP
_b
28
999
_c
21771
_d
21771